[Event "Mogliano Veneto op-B 31st"]
[Site "Mogliano Veneto"]
[Date "2010.05.02"]
[Round "5"]
[White "Ballarin, Pietro"]
[Black "Spano, Alfredo"]
[Result "0-1"]
[WhiteElo "1634"]
[BlackElo "1887"]
[PlyCount "52"]
[EventDate "2010.04.30"]
[EventType "swiss"]
[EventRounds "5"]
[EventCountry "ITA"]
[SourceTitle "EXT 2023"]
[Source "ChessBase"]
[SourceDate "2022.10.05"]
[SourceVersion "1"]
[SourceVersionDate "2022.10.05"]
[SourceQuality "1"]

1. e4 c5 2. Nf3 d6 3. d4 cxd4 4. Nxd4 Nf6 5. Nc3 g6 6. Be3 Bg7 7. f3 0-0 8. Qd2 Nc6 9. 0-0-0 d5 10. Nxc6 bxc6 11. exd5 cxd5 12. Nxd5 Nxd5 13. Qxd5 Qc7 14. Qc5 Qb7 15. Bd4 Bf5 16. Qb5 Qc7 17. Qc5 Bh6+ 18. Kb1 Qxc5 19. Bxc5 Rfc8 20. b4 Rxc5 21. Bd3 Bxd3 22. Rxd3 Rc4 23. a3 Rac8 24. Re1 Rxc2 25. Rxe7 Rxg2 26. Rdd7 Rc1# 0-1